<?xml version="1.0" encoding="UTF-8"?>
<marc:record xmlns:marc="http://www.loc.gov/MARC21/slim">
   <marc:leader>00000nam a2200000 a 4500</marc:leader>
   <marc:datafield ind1="1" ind2=" " tag="100">
      <marc:subfield code="a">Rittelmeyer, Christian</marc:subfield>
      <marc:subfield code="4">aut</marc:subfield>
      <marc:subfield code="e">Verfasser/-in</marc:subfield>
   </marc:datafield>
   <marc:datafield ind1=" " ind2=" " tag="653">
      <marc:subfield code="a">150 $s Entwicklungspsychologie &gt; Grundlagen</marc:subfield>
   </marc:datafield>
   <marc:datafield ind1=" " ind2=" " tag="653">
      <marc:subfield code="a">150 $s Bindung : Eltern-Kind-Bindung</marc:subfield>
   </marc:datafield>
   <marc:datafield ind1=" " ind2=" " tag="653">
      <marc:subfield code="a">150 $s Entwicklung : Pränatale Entwicklung</marc:subfield>
   </marc:datafield>
   <marc:datafield ind1=" " ind2=" " tag="653">
      <marc:subfield code="a">150 $s Forschung : Bindungsforschung</marc:subfield>
   </marc:datafield>
   <marc:datafield ind1="0" ind2="0" tag="245">
      <marc:subfield code="a">Frühe Erfahrungen des Kindes</marc:subfield>
   </marc:datafield>
   <marc:datafield ind1="0" ind2="0" tag="245">
      <marc:subfield code="b">Ergebnisse der pränatalen Psychologie und der Bindungsforschung : ein Überblick</marc:subfield>
   </marc:datafield>
   <marc:datafield ind1="0" ind2="0" tag="245">
      <marc:subfield code="c">Christian Rittelmeyer</marc:subfield>
   </marc:datafield>
   <marc:datafield ind1=" " ind2="1" tag="264">
      <marc:subfield code="a">Stuttgart</marc:subfield>
      <marc:subfield code="b">Verlag W. Kohlhammer</marc:subfield>
      <marc:subfield code="c">2005</marc:subfield>
   </marc:datafield>
   <marc:datafield ind1=" " ind2=" " tag="250">
      <marc:subfield code="a">1. Auflage</marc:subfield>
   </marc:datafield>
   <marc:datafield ind1="1" ind2=" " tag="520">
      <marc:subfield code="a">Die Bindungsforschung hat in den letzten drei Jahrzehnten erstaunliche Einblicke in die frühkindliche Erfahrungswelt ermöglicht. Positive Bindungen an Bezugspersonen scheinen tiefgreifende Folgen für die spätere Entwicklung Heranwachsender zu haben. Die pränatale Psychologie hat gleichzeitig zeigen können, dass Kinder bereits vor ihrer Geburt zahlreiche Lernerfahrungen machen können, die Auswirkungen auf die 0rganbildung, auf Vorlieben, auf das Temperament und Sozialverhalten des Kleinkindes nach der Geburt haben. Das Buch gibt erstmals einen gerafften und praxisorientierten Überblick über die Erkenntnisse der pränatalen Psychologie und der Bindungsforschung, die auch innerhalb der Erziehungswissenschaft vielfältige Diskussionen angestoßen haben. &lt;br/&gt;Professor Dr. Christian Rittelmeyer lehrte an der Universität Göttingen mit den Schwerpunkten Theorie und Geschichte der Pädagogik, Pädagogische Anthropologie und Entwicklungspsychologie des Kindesalters. &lt;br/&gt;</marc:subfield>
   </marc:datafield>
   <marc:datafield ind1=" " ind2=" " tag="020">
      <marc:subfield code="a">9783170192157</marc:subfield>
      <marc:subfield code="9">9783170192157</marc:subfield>
   </marc:datafield>
   <marc:datafield ind1=" " ind2=" " tag="041">
      <marc:subfield code="a">ger</marc:subfield>
   </marc:datafield>
   <marc:datafield ind1=" " ind2=" " tag="500">
      <marc:subfield code="a">Literaturverz. S. 82 - 91</marc:subfield>
   </marc:datafield>
   <marc:datafield ind1=" " ind2=" " tag="300">
      <marc:subfield code="b">Illustration(en)</marc:subfield>
   </marc:datafield>
   <marc:datafield ind1="1" ind2=" " tag="521">
      <marc:subfield code="a">16</marc:subfield>
   </marc:datafield>
   <marc:datafield ind1=" " ind2=" " tag="300">
      <marc:subfield code="a">91 S.</marc:subfield>
   </marc:datafield>
</marc:record>
